| 000 | 00405 a2200145 4500 | ||
|---|---|---|---|
| 005 | 20240722133012.0 | ||
| 008 | 240722b |||||||| |||| 00| 0 eng d | ||
| 020 | _a9781592539628 | ||
| 082 | _a711.5/CAM | ||
| 100 |
_aCampanario G _9207944 |
||
| 245 | _aPeople and Motion: Tips and Techniques for Drawing On Location | ||
| 260 |
_bQuarry Books _c2014 _aMassachusetts |
||
| 300 |
_a110p _bHB |
||
| 942 | _cBK | ||
| 999 |
_c359139 _d359139 |
||